| 000 | 00368 a2200121 4500 | ||
|---|---|---|---|
| 001 | ART_9837 | ||
| 005 | 20260410161839.0 | ||
| 008 | 260409a | ||
| 245 | 1 | 0 | _aLa empresa y su estructura financiera |
| 100 | 1 | _aWajchman, Mauricio | |
| 700 | 1 | _aWajchman, Bernardo | |
| 773 | 0 |
_tContabilidad y administración _g- Año 7, Nº 73 (jul. 1983) _wREV5485 |
|
| 999 |
_c23902 _d23902 |
||